000 00779nam a2200289Ia 4500
005 20260324135702.0
008 008 260324s9999 xx 000 0 eng d
020 _a9780203045190
037 _aEBOOK
040 _aCRL
040 _beng
040 _cCRL
041 _2eng
041 _aeng
084 _qCRL
100 _aSusanne Neubert
_91201512
245 0 _aSocial Impact Analysis of Poverty Alleviation Programmes and Projects
245 2 _bA Contribution to the Debate on the Methodology of Evaluation in Development Co-operation
260 _bTaylor and Francis
260 _c2000
365 _a
365 _b300
856 _uhttp://www.taylorfrancis.com/books/9780203045190
942 _cEBOOK
999 _c1802869
_d1802869